[Event "Olympiad Women 2024"]
[Site "Budapest HUN"]
[Date "2024.09.15"]
[Round "5.14"]
[Board "2"]
[White "Kanakova, Natalie"]
[Black "Gajcin, Marina"]
[Result "0-1"]
[WhiteElo "2145"]
[BlackElo "2253"]
[PlyCount "90"]
[EventDate "2024.09.11"]
[WhiteTeam "Czech Republic"]
[BlackTeam "Serbia"]
[WhiteTeamCountry "CZE"]
[BlackTeamCountry "SRB"]

1. e4 c5 2. Nf3 Nc6 3. d4 cxd4 4. Nxd4 Nf6 5. Nc3 e5 6. Ndb5 d6 7. Bg5 a6 8. Na3 b5 9. Nd5 Be7 10. Bxf6 Bxf6 11. c4 b4 12. Nc2 a5 13. Qf3 Be7 14. Rd1 ({RR} 14. a3 bxa3 15. Qxa3 O-O 16. Bd3 Rb8 17. O-O Be6 18. Rfd1 Bxd5 19. cxd5 Nb4 20. Nxb4 Rxb4 21. Rd2 Rd4 22. Rdd1 Rb4 {½-½ Ponomariov,R (2719)-Radjabov,T (2751) RUS-chT Dagomys 2008 (1)}) 14... Bd7 $146 ({RR} 14... O-O 15. c5 dxc5 16. Nf6+ Bxf6 17. Rxd8 Rxd8 18. Bc4 Nd4 19. Nxd4 Rxd4 20. Bd5 Ra7 21. O-O c4 22. Rc1 Ba6 23. h4 h6 24. Qf5 Rc7 25. g4 Bc8 26. Qh5 Bb7 27. Bxb7 Rxb7 28. g5 hxg5 29. hxg5 {1-0 Barbero Sendic,A (2343)-Prats Rodriguez,J (2028) Barcelona Primavera La Lira op 5th 2012 (8)}) ({RR} 14... O-O 15. c5 Be6 16. Bb5 Rc8 17. Nb6 Rc7 18. Nc4 Bxc4 19. Bxc4 Nd4 20. Nxd4 exd4 21. Rxd4 Rxc5 22. b3 Bf6 23. Rd5 Bc3+ 24. Ke2 Rxd5 25. Bxd5 Kh8 26. Rd1 Qh4 27. g3 Qe7 28. Kf1 g6 29. a4 {½-½ Kokkila,T (2285)-Narva,M (2391) TCh-FIN 2023-24 (11.2)}) ({RR} 14... O-O 15. Qd3 Bg5 16. Nde3 Bxe3 17. Qxe3 Qc7 18. Qd3 Rd8 19. g3 Bb7 20. Bg2 f5 21. O-O f4 22. gxf4 exf4 23. Qd2 Ne5 24. Nd4 Qf7 25. f3 Nxc4 26. Qf2 Ne3 27. Bh3 Qg6+ 28. Kh1 Nxf1 29. Rxf1 {0-1 Ritter,U (1999)-Brandis,S (1657) Davos Summer op 2020 (4)}) ({RR} 14... O-O 15. g3 Be6 16. h4 Rb8 17. b3 Qd7 18. Qe3 Bd8 19. c5 Ne7 20. Qd2 dxc5 21. Nf6+ gxf6 22. Qxd7 Bxd7 23. Rxd7 Nc8 24. Ne3 Nb6 25. Ra7 Ra8 26. Rxa8 Nxa8 27. Bc4 Nb6 28. Ke2 Bc7 29. Rc1 {1-0 Nepomniachtchi,I (2706)-Maletin,P (2617) RUS-ch Higher League 63rd 2010 (6)}) 15. Nxe7 Qxe7 16. Qd3 a4 17. Be2 Rb8 18. b3 Na5 19. O-O Be6 20. bxa4 Bxc4 21. Qd2 Bxe2 22. Qxe2 O-O 23. Ne3 Rfd8 24. Nf5 Qe6 25. Rd5 Nb7 26. a5 g6 27. Ne3 Nc5 28. Nc4 Na4 29. Qd3 Nc3 30. Rxd6 Rxd6 31. Qxd6 Qxd6 32. Nxd6 Nxa2 33. Ra1 b3 34. Nc4 Rc8 35. Nb2 Rc5 36. a6 Ra5 37. Nc4 Rxa6 38. g3 Ra4 39. Nd2 b2 40. Rb1 Rb4 41. Re1 Nc1 42. Nb1 Ra4 43. f4 Ra1 44. Nd2 Ne2+ 45. Kf2 Nc3 0-1

[Event "Olympiad Women 2024"]
[Site "Budapest HUN"]
[Date "2024.09.15"]
[Round "5.14"]
[Board "4"]
[White "Novosadova, Kristyna"]
[Black "Eric, Jovana"]
[Result "0-1"]
[WhiteElo "2066"]
[BlackElo "2162"]
[PlyCount "94"]
[EventDate "2024.09.11"]
[WhiteTeam "Czech Republic"]
[BlackTeam "Serbia"]
[WhiteTeamCountry "CZE"]
[BlackTeamCountry "SRB"]

1. e4 c5 2. Nf3 d6 3. d4 cxd4 4. Nxd4 Nf6 5. Nc3 a6 6. Bc4 e6 7. Bb3 b5 8. Bg5 Be7 9. Qf3 Qb6 10. O-O-O O-O 11. Qg3 ({RR} 11. g4 b4 12. Na4 Qb7 13. Bxf6 Bxf6 14. h4 Nc6 15. Nxc6 Qxc6 16. g5 Be7 17. Qe3 Rb8 18. f4 Rb5 19. h5 Bb7 20. Rhe1 Bd8 21. Kb1 Re8 22. Qd2 Bc7 23. h6 g6 24. Qd4 e5 25. Qf2 exf4 {0-1 Kudrin,S (2538)-Morovic Fernandez,I (2573) American Continental 02nd 2003 (8)}) 11... b4 ({RR} 11... Bd7 12. f4 b4 13. Bxf6 Bxf6 14. e5 dxe5 15. Ne4 exd4 16. Nxf6+ Kh8 17. Qh4 h6 18. g4 Bc6 19. Rhg1 Qd8 20. g5 Ra7 21. Rd3 Bb5 22. Rh3 d3 23. Qf2 d2+ 24. Kd1 Nd7 25. Rxh6+ gxh6 26. Qh4 {1-0 Abu Sufian,S (2254)-Anata,C (2159) BAN-ch 45th Dhaka 2019 (10)}) 12. Na4 Qc7 13. Rhe1 $146 ({RR} 13. Bh6 Ne8 14. Be3 Bd7 15. f4 Qa5 16. Nb6 Qxb6 17. Nxe6 Qb7 18. Nxg7 Kh8 19. Nxe8 Bxe8 20. Bd4+ f6 21. e5 dxe5 22. fxe5 Bg6 23. exf6 Bxf6 24. Bxf6+ Rxf6 25. Rd8+ Kg7 26. Rg8+ Kh6 {1-0 Justnes,A-Van der Stricht,G Sas van Gent ECI op U20 1990 (7)}) ({RR} 13. Bh6 Ne8 14. Bd2 a5 15. Bg5 Bxg5+ 16. Qxg5 h6 17. Qh4 Nc6 18. g4 Nxd4 19. Rxd4 Bd7 20. Qe7 Ra6 21. Rhd1 Bxa4 22. Qxc7 Nxc7 23. Bxa4 d5 24. f4 dxe4 25. Rxe4 Nd5 26. f5 Nf6 27. Rc4 Ra7 {1-0 Zivkovic,V (2426)-Arsovic,G (2504) Zupanja op-A 2nd 2008 (8)}) ({RR} 13. Bh6 Ne8 14. Kb1 Bd7 15. Be3 Qa5 16. Nf5 Bxa4 17. Nxe7+ Kh8 18. Bxa4 Qxa4 19. Nc8 b3 20. axb3 Qxe4 21. Nxd6 Nxd6 22. Rxd6 Nc6 23. Bc5 Rfc8 24. Rhd1 Qf5 25. Qe3 a5 26. Bb6 Nb4 27. Qc5 Nd5 {1-0 Cubas,J (2425)-Almiron,A (2307) PAR-ch Asuncion 2015 (4)}) 13... Bd7 14. e5 dxe5 15. Nf3 Nc6 16. Bh6 Ne8 17. Rxd7 Qxd7 18. Nb6 Qb7 19. Nxa8 Qxa8 20. Ba4 Kh8 21. Bxc6 Qxc6 22. Nxe5 Qa4 23. Be3 f6 24. Qh4 g5 25. Qh6 fxe5 26. Qxe6 Bf6 27. Bc5 Rg8 28. Re4 Qb5 29. Bxb4 Qf1+ 30. Re1 Qxf2 31. Qxa6 Qxg2 32. a4 Bg7 33. Qb6 Nf6 34. a5 Qxh2 35. Qc6 Qf4+ 36. Bd2 Qf5 37. a6 Rc8 38. Qa4 Nd7 39. b4 Nb6 40. Qa2 e4 41. a7 Bd4 42. Qa5 Qe6 43. Be3 Bb2+ 44. Kb1 Qc4 45. Kxb2 Qxc2+ 46. Ka1 Qc3+ 47. Ka2 Nc4 0-1

[Event "Olympiad Women 2024"]
[Site "Budapest HUN"]
[Date "2024.09.15"]
[Round "5.16"]
[Board "3"]
[White "Hakimifard, Ghazal"]
[Black "Alboredo, Julia"]
[Result "1/2-1/2"]
[WhiteElo "2192"]
[BlackElo "2127"]
[PlyCount "117"]
[EventDate "2024.09.11"]
[WhiteTeam "Switzerland"]
[BlackTeam "Brazil"]
[WhiteTeamCountry "SUI"]
[BlackTeamCountry "BRA"]

1. e4 c5 2. Nf3 Nc6 3. d4 cxd4 4. Nxd4 Nf6 5. Nc3 e5 6. Ndb5 d6 7. Bg5 a6 8. Na3 b5 9. Nd5 Be7 10. Bxf6 Bxf6 11. c3 Ne7 12. Nxf6+ gxf6 13. c4 Qa5+ 14. Qd2 Qxd2+ 15. Kxd2 b4 16. Nc2 a5 ({RR} 16... Rb8 17. Bd3 f5 18. f3 Rg8 19. g3 fxe4 20. fxe4 Bh3 21. a3 b3 22. Ne3 Kd7 23. c5 dxc5 24. Rac1 Rgc8 25. Bxa6 Rc6 26. Bd3 Nc8 27. Nc4 f6 28. Na5 Rc7 29. Rc3 Be6 30. Rhc1 Kd6 31. Bc4 {½-½ Bauer,C (2602)-Tregubov,P (2635) Belfort Masters 6th 2003 (3)}) 17. Ne3 ({RR} 17. Rd1 Bb7 18. f3 f5 19. Bd3 fxe4 20. Bxe4 Bxe4 21. fxe4 f5 22. exf5 Nxf5 23. g4 Ng7 24. Ke2 Ke7 25. Ne3 Ra6 26. Rhf1 Ne6 27. Nd5+ Kd7 28. Rf7+ Kc6 29. Rdf1 Kc5 30. Re7 Nd4+ 31. Kd3 Nc6 {1-0 Lasok,M (1968)-Ramakrishnan M R (2007) 60th Rubinstein Mem Open 2024 (8.37)}) 17... f5 18. exf5 Bxf5 19. Nxf5 $146 ({RR} 19. Bd3 Bxd3 20. Kxd3 O-O-O 21. Rac1 Kb7 22. Rhf1 f5 23. f3 d5 24. cxd5 Nxd5 25. Nxf5 Nf4+ 26. Ke4 Rd2 27. Ne3 Nxg2 28. Nxg2 Rxg2 29. Rc5 Kb6 30. Rfc1 Re2+ 31. Kd3 Rxb2 32. R5c2 Rxc2 33. Rxc2 Rf8 {0-1 Tardif,O-Molet,A (2064) Saint Quentin op 2000 (9)}) ({RR} 19. g4 Be4 20. Rg1 h5 21. g5 O-O 22. Bg2 Bxg2 23. Rxg2 d5 24. cxd5 Nxd5 25. Nxd5 Rfd8 26. Ke2 Rxd5 27. Rd1 Rad8 28. Rgg1 Rxd1 29. Rxd1 Rxd1 30. Kxd1 Kg7 31. Ke2 Kg6 32. h4 Kf5 33. Kf3 a4 {0-1 Halili,S-Pacher,M (2366) EU-Cup 25th Ohrid 2009 (1.3)}) ({RR} 19. Bd3 Bg6 20. h4 O-O-O 21. h5 Bxd3 22. Kxd3 d5 23. cxd5 Nxd5 24. Ke4 Nf4 25. Rad1 Nd3 26. Rxd3 f5+ 27. Nxf5 {1-0 Hlavac,R (2103)-Cichy,M (2141) CZE-chT2B 1011 2010 (6.3)}) 19... Nxf5 20. Bd3 Nd4 21. Rhe1 Rc8 22. Rac1 Rc5 23. Be4 Rg8 24. Kd3 Ke7 25. f4 Ne6 26. f5 Nd4 27. Rf1 Kf6 28. Rce1 a4 29. Re3 h5 30. Rh3 Rg5 31. Re3 b3 32. axb3 axb3 33. Kc3 Rg8 34. Bd5 Rxd5 35. cxd5 Rxg2 36. Rh3 Rc2+ 37. Kd3 Rxb2 38. Rxh5 Rg2 39. Rh6+ Kg5 40. Rxd6 Nxf5 41. Rd8 Rxh2 42. Rg8+ Kf6 43. Kc4 b2 44. Kc3 e4 45. Rb8 e3 46. Rxb2 Rxb2 47. Kxb2 Ke5 48. Kc3 Ke4 49. Ra1 Nd6 50. Ra6 Nb5+ 51. Kc4 e2 52. Ra1 Nd6+ 53. Kc5 Nf5 54. d6 Nxd6 55. Kxd6 f5 56. Re1 Ke3 57. Ke5 f4 58. Rxe2+ Kxe2 59. Kxf4 1/2-1/2

[Event "Olympiad Women 2024"]
[Site "Budapest HUN"]
[Date "2024.09.15"]
[Round "5.16"]
[Board "4"]
[White "Tamarozi, Isabelle"]
[Black "Hryzlova, Sofiia"]
[Result "0-1"]
[WhiteElo "2059"]
[BlackElo "2188"]
[PlyCount "56"]
[EventDate "2024.09.11"]
[WhiteTeam "Brazil"]
[BlackTeam "Switzerland"]
[WhiteTeamCountry "BRA"]
[BlackTeamCountry "SUI"]

1. e4 e6 2. d4 d5 3. exd5 exd5 4. c4 Nf6 5. Nf3 Bb4+ 6. Bd2 Qe7+ 7. Be2 O-O 8. O-O dxc4 9. Bxc4 Bg4 10. Bg5 $146 ({RR} 10. a3 Bxd2 11. Nbxd2 Nc6 12. Re1 Qd6 13. h3 Bh5 14. g4 Bg6 15. Nb3 Rad8 16. Bb5 Be4 17. Ng5 Nxd4 18. Nxe4 Nxe4 19. Rxe4 Nxb5 20. Qe2 c6 21. Re1 h6 22. a4 Nc7 23. Na5 Rb8 24. Nc4 Qc5 {1-0 Abdi,F (2068)-D'Arruda,R (2271) Titled Tue 9th Jan Late 2024 (8)}) ({RR} 10. Qb3 Nc6 11. a3 Bxd2 12. Nbxd2 Na5 13. Qc3 Nxc4 14. Rfe1 Qd7 15. Qxc4 Be6 16. Qc5 c6 17. Qg5 h6 18. Qh4 Rad8 19. Ne4 Nxe4 20. Rxe4 Bd5 21. Ne5 Qd6 22. Re3 f5 23. f4 Be4 24. Rd1 c5 {0-1 Schreyer,A-Weiland,T (1994) Frankfurt-ch 2004 (7)}) ({RR} 10. Qb3 c5 11. Bxb4 cxb4 12. d5 Nbd7 13. Nbd2 Nb6 14. h3 Bh5 15. Qd3 Bg6 16. Qd4 Rfd8 17. Ne5 Nfxd5 18. Nxg6 hxg6 19. Rad1 Nc3 20. Qf4 Nxd1 21. Rxd1 Nxc4 22. Qxc4 Rxd2 23. Rc1 Rad8 24. g3 Qe2 {0-1 Gorbovyi,A-Baranovsky,V (2056) Kurass Memorial op 05th 2004 (3)}) 10... Nbd7 11. a3 Ba5 12. Nc3 c6 13. Qd3 Qd6 14. Rad1 Bc7 15. g3 Nb6 16. Ba2 Nbd5 17. Bb1 g6 18. Ba2 Kg7 19. Rfe1 a5 20. Re5 Nxc3 21. bxc3 Qxa3 22. Qe3 Ng8 23. Re7 Nxe7 24. Bxe7 Qxa2 25. d5 Rfe8 26. Re1 Qxd5 27. Nd4 Bd6 28. f3 Rxe7 0-1

[Event "Olympiad Women 2024"]
[Site "Budapest HUN"]
[Date "2024.09.15"]
[Round "5.17"]
[Board "2"]
[White "Frayna, Janelle Mae"]
[Black "Zimina, Olga"]
[Result "1/2-1/2"]
[WhiteElo "2216"]
[BlackElo "2302"]
[PlyCount "85"]
[EventDate "2024.09.11"]
[WhiteTeam "Philippines"]
[BlackTeam "Italy"]
[WhiteTeamCountry "PHI"]
[BlackTeamCountry "ITA"]

1. c4 c6 2. Nf3 d5 3. g3 Bg4 4. Ne5 Bf5 5. Bg2 Nd7 6. Nxd7 Qxd7 7. cxd5 cxd5 8. Qb3 Nf6 $146 ({RR} 8... e6 9. Nc3 Ne7 10. d3 Nc6 11. Qa4 {½-½ Naundorf,M (2118)-Schmuecker,M (2223) NRW Class2 0910 2009 (5.2)}) ({RR} 8... e6 9. d3 Nf6 10. Nc3 b6 11. O-O Be7 12. e4 dxe4 13. dxe4 Bg6 14. e5 Nd5 15. Nxd5 exd5 16. Be3 Rc8 17. Qxd5 Qxd5 18. Bxd5 O-O 19. Rac1 Bc5 20. Bxc5 bxc5 21. f4 Bf5 22. b3 Rfd8 23. Bf3 {1-0 McAndrew,R (1926)-Cooper,N (1648) World Senior Teams +65 2024 (8.4)}) 9. Nc3 e6 10. O-O Rc8 11. d3 d4 12. Ne4 Nd5 13. Ng5 Bc5 14. Bd2 O-O 15. Rfc1 h6 16. Ne4 Be7 17. Rxc8 Rxc8 18. Rc1 Bg6 19. Rxc8+ Qxc8 20. Qc4 Qxc4 21. dxc4 Nb6 22. c5 Nc4 23. Bc1 f5 24. Nd2 Nxd2 25. Bxd2 Bxc5 26. Bxb7 Be8 27. b4 Bd6 28. f4 Bb5 29. Kf2 Kf7 30. e3 dxe3+ 31. Kxe3 Bc7 32. Bc3 g5 33. Bf3 gxf4+ 34. gxf4 a6 35. Bd1 Bf1 36. a4 Bd6 37. Bf3 Ke7 38. Bc6 Bc4 39. h4 Bf1 40. Bf3 Kf7 41. Bc6 Ke7 42. Bd2 Kd8 43. Bc3 1/2-1/2

[Event "Olympiad Women 2024"]
[Site "Budapest HUN"]
[Date "2024.09.15"]
[Round "5.18"]
[Board "1"]
[White "Keinanen, Anastasia"]
[Black "Francisco Guecamburu, Candela Be"]
[Result "1/2-1/2"]
[WhiteElo "2212"]
[BlackElo "2294"]
[PlyCount "76"]
[EventDate "2024.09.11"]
[WhiteTeam "Finland"]
[BlackTeam "Argentina"]
[WhiteTeamCountry "FIN"]
[BlackTeamCountry "ARG"]

1. e4 e5 2. Nf3 Nc6 3. Bb5 Nge7 4. Nc3 Ng6 5. d4 exd4 6. Nxd4 Bc5 7. Nf5 O-O 8. Be3 Bxe3 9. Nxe3 d6 10. g3 $146 ({RR} 10. Qd2 a6 11. Bf1 Nge7 12. O-O-O f5 13. f4 Kh8 14. g3 fxe4 15. Nxe4 Nf5 16. Ng5 Nxe3 17. Qxe3 Bf5 18. Bd3 Qf6 19. Rhe1 h6 20. Bxf5 Qxf5 21. Ne6 Rfe8 22. Qb3 Na5 23. Qd3 Qxd3 24. Rxd3 Re7 {0-1 Bronstein,L (2380)-Bernat,M ARG-ch53 Buenos Aires 1976 (4)}) ({RR} 10. h4 h6 11. g3 Re8 12. Qd2 a6 13. Be2 b5 14. a3 Rb8 15. b4 Nce7 16. f4 f5 17. O-O Bd7 18. Bh5 Rf8 19. exf5 Bxf5 20. Nxf5 Rxf5 21. Bg4 Rf8 22. Be6+ Kh8 23. h5 Rf6 24. Ba2 Nf5 {1-0 Ivanovic,B (2520)-Lazic,M (2495) YUG-ch Kladovo 1990}) ({RR} 10. h4 h6 11. g3 a6 12. Bf1 Re8 13. h5 Nge5 14. Be2 b5 15. a3 Be6 16. b3 f6 17. f4 Nd7 18. Qd2 Nc5 19. Bf3 Qd7 20. O-O Bf7 21. Kh2 Rad8 22. Rad1 Kh8 23. Qg2 b4 24. axb4 Nxb4 {1-0 Roser,K (2409)-Spanton,T (2017) Gibraltar Masters 11th 2013 (1)}) 10... Nge7 11. Bd3 Kh8 12. Qh5 Ne5 13. f4 Nxd3+ 14. cxd3 c6 15. d4 b5 16. O-O b4 17. Ne2 f5 18. e5 dxe5 19. fxe5 Ba6 20. Rad1 Qa5 21. Rf2 Bxe2 22. Qxe2 Qa4 23. a3 Qxa3 24. Re1 Qa2 25. Ref1 Qe6 26. Ng2 Nd5 27. Qh5 a5 28. g4 f4 29. Nxf4 Nxf4 30. Rxf4 Rxf4 31. Rxf4 a4 32. Qf5 Qxf5 33. gxf5 a3 34. bxa3 bxa3 35. Rf1 Kg8 36. Kf2 a2 37. Ra1 Ra4 38. Ke3 Kf7 1/2-1/2

[Event "Olympiad Women 2024"]
[Site "Budapest HUN"]
[Date "2024.09.15"]
[Round "5.18"]
[Board "4"]
[White "Sarquis, Maria Belen"]
[Black "Puuska, Heini"]
[Result "1/2-1/2"]
[WhiteElo "2172"]
[BlackElo "1930"]
[PlyCount "73"]
[EventDate "2024.09.11"]
[WhiteTeam "Argentina"]
[BlackTeam "Finland"]
[WhiteTeamCountry "ARG"]
[BlackTeamCountry "FIN"]

1. e4 c5 2. Nf3 d6 3. d4 Nf6 4. Bd3 cxd4 5. Nxd4 g6 6. c4 Bg7 7. h3 O-O ({RR} 7... Nc6 8. Be3 Ng4 9. hxg4 Bxd4 10. Bxd4 Nxd4 11. Nc3 Qa5 12. f3 Be6 13. Qd2 Nb3 14. axb3 Qxa1+ 15. Nd1 Qa6 16. Qc3 f6 17. g5 O-O 18. gxf6 exf6 19. Ne3 Qa1+ 20. Nd1 b6 21. Kd2 Rac8 22. f4 {0-1 Sindarov,J (2701)-Vachier Lagrave,M (2731) World Rapid 2023 (12.5)}) 8. Be3 Nc6 9. Nc3 e6 10. Rc1 $146 ({RR} 10. O-O d5 11. exd5 exd5 12. Rc1 Nh5 13. Ncb5 Nxd4 14. Nxd4 dxc4 15. Bxc4 Bd7 16. Qb3 Rc8 17. Rfd1 Bxd4 18. Rxd4 Rc7 19. Rcd1 Qc8 20. Bh6 Ng7 21. Qc3 Nf5 22. Bxf8 Nxd4 23. Qxd4 Qxf8 24. Qf4 Ba4 {1-0 Saydaliev,S (2448)-Bernadskiy,V (2563) UzChess Cup Futures 2024 (2.3)}) ({RR} 10. O-O d5 11. exd5 exd5 12. Nxc6 bxc6 13. Bd4 Be6 14. cxd5 Nxd5 15. Bxg7 Kxg7 16. Qc1 Qf6 17. Ne4 Qd4 18. Rd1 Rac8 19. Nc5 Nf4 20. Bf1 Qf6 21. Ne4 Qe5 22. Qe3 Bd5 23. Nc3 Rfe8 24. Qxe5+ Rxe5 {1-0 Chen,Q (2466)-Yirik,V (1957) Titled Tue 6th Feb Early 2024 (2)}) 10... d5 11. Nxc6 bxc6 12. e5 Nd7 13. f4 Qh4+ 14. Ke2 d4 15. Bxd4 Qxf4 16. Be4 Rb8 17. b3 c5 18. Rf1 Qg5 19. Be3 Qh5+ 20. Rf3 Bxe5 21. Bc6 Bxc3 22. Rxc3 Ne5 23. g4 Qh4 24. Bf4 Nxf3 25. Bxf3 e5 26. Bxe5 Rb6 27. Bd5 Re8 28. Re3 Qg5 29. Qa1 Bb7 30. Qc3 Bxd5 31. cxd5 f6 32. Bf4 Rxe3+ 33. Qxe3 Qxd5 34. Qe8+ Kg7 35. Qe7+ Kg8 36. Qe8+ Kg7 37. Qe7+ 1/2-1/2

[Event "Olympiad Women 2024"]
[Site "Budapest HUN"]
[Date "2024.09.15"]
[Round "5.19"]
[Board "2"]
[White "Arribas Robaina, Maritza"]
[Black "Wafa, Shahenda"]
[Result "1-0"]
[WhiteElo "2143"]
[BlackElo "2102"]
[PlyCount "63"]
[EventDate "2024.09.11"]
[WhiteTeam "Cuba"]
[BlackTeam "Egypt"]
[WhiteTeamCountry "CUB"]
[BlackTeamCountry "EGY"]

1. e4 c5 2. Nf3 d6 3. Bb5+ Bd7 4. Bxd7+ Nxd7 5. c4 Ngf6 6. Nc3 e6 7. O-O a6 ({RR} 7... Be7 8. b3 O-O 9. d4 cxd4 10. Nxd4 a6 11. Bb2 {½-½ Bologan,V (2620)-Novikov,I (2614) MK Cafe Cup-A 1999 (10)}) ({RR} 7... Be7 8. d3 O-O 9. Bg5 a6 10. Qe2 Qc7 11. Nd2 Rfe8 12. f4 h6 13. Bxf6 Bxf6 14. Rae1 Rab8 15. f5 b5 16. fxe6 fxe6 17. Qh5 Rf8 18. Qh3 Rfe8 19. Re2 b4 20. Nd1 Nf8 21. Nf3 Nh7 22. Nf2 {1-0 Arribas Robaina,M (2314)-Vargas,P (2044) Bogota McGregor op 4th 2013 (5)}) 8. d4 ({RR} 8. b3 Ne5 9. Bb2 Be7 10. d3 O-O 11. Nb1 Nfd7 12. Nxe5 Nxe5 13. f4 Nc6 14. Nd2 Bf6 15. Bxf6 Qxf6 16. Nf3 b5 17. Qd2 Rad8 18. Rfd1 d5 19. cxd5 exd5 20. e5 Qf5 21. Rac1 c4 22. g3 f6 {0-1 Piesik,P (2421)-Stribuk,A (2403) Titled Tue 16th Jan Early 2024 (10)}) 8... cxd4 9. Qxd4 Qa5 $146 ({RR} 9... Be7 10. b3 O-O 11. Bb2 Qc7 12. Rac1 Rac8 13. Rfd1 Rfd8 14. h3 Ne5 15. Qe3 Nxf3+ 16. Qxf3 Nd7 17. Qg3 Nf6 18. Kh1 Qc5 19. Ne2 Nh5 20. Qf3 Rc7 21. Bd4 Qc6 22. Qxh5 {1-0 Velicka,P (2430)-Kudlacek,F Filseck op 2nd 1998}) ({RR} 9... Rc8 10. b3 Be7 11. Bb2 O-O 12. Qd2 b5 13. cxb5 axb5 14. e5 dxe5 15. Nxb5 e4 16. Nfd4 Ne5 17. Rac1 Bc5 18. b4 Be7 19. Rxc8 Qxc8 20. Rc1 Qb8 21. a3 Rd8 22. Qe2 Nd3 23. Nc6 Nxc1 24. Bxc1 {½-½ Ionescu,I (2330)-Glodeanu,I (2340) Miercurea Ciuc op 1998 (9)}) ({RR} 9... Qc7 10. b3 Be7 11. Bb2 O-O 12. Rfd1 Rac8 13. Rac1 Rfd8 14. h3 Bf8 15. Nh2 Qa5 16. Nf1 Nc5 17. g4 Ncd7 18. Ng3 h5 19. gxh5 Nxh5 20. Nxh5 Qxh5 21. Qe3 Nf6 22. Qg3 b5 23. cxb5 axb5 24. f3 {0-1 Becker,M (2320)-Gavrikov,V (2500) Oberliga Ost-A 0506 2005 (6.1)}) 10. Bd2 Qc5 11. Qd3 Rc8 12. Rac1 Be7 13. Nd5 Qc6 14. Nd4 Qc5 15. Bb4 Ne5 16. Qd1 Qa7 17. Nxe7 Rd8 18. Nf3 Nxf3+ 19. Qxf3 Kxe7 20. e5 Nd7 21. Bxd6+ Ke8 22. c5 f6 23. Rfd1 Rc8 24. Qh5+ g6 25. Qh4 h5 26. exf6 Kf7 27. b4 a5 28. b5 g5 29. Qxg5 Rcg8 30. Qe3 Rc8 31. Be7 Nb8 32. Rd6 1-0

[Event "Olympiad Women 2024"]
[Site "Budapest HUN"]
[Date "2024.09.15"]
[Round "5.20"]
[Board "1"]
[White "Theissl Pokorna, Regina"]
[Black "Wagener, Anna"]
[Result "1-0"]
[WhiteElo "2302"]
[BlackElo "2251"]
[PlyCount "79"]
[EventDate "2024.09.11"]
[WhiteTeam "Austria"]
[BlackTeam "Luxembourg"]
[WhiteTeamCountry "AUT"]
[BlackTeamCountry "LUX"]

1. e4 c5 2. c3 d5 3. exd5 Qxd5 4. d4 Nf6 5. Nf3 e6 6. Na3 Be7 7. Nb5 Na6 8. Be2 cxd4 ({RR} 8... O-O 9. Bf4 Bd7 10. O-O Rfd8 11. Re1 Be8 12. a4 Qc6 13. Ne5 Qc8 14. Qb3 Nd5 15. Bg3 cxd4 16. Nxd4 Nc5 17. Qc2 f6 18. Nd3 Bg6 19. Nb3 Ne3 20. fxe3 Nxd3 21. Bxd3 Bxd3 22. Qf2 e5 23. Nd2 {0-1 Rabiega,R (2503)-Horvath,J (2551) AUT-chT 0102 2001 (10.2)}) ({RR} 8... Bd7 9. O-O cxd4 10. Nfxd4 e5 11. c4 Qc5 12. Nb3 Qc6 13. Bg5 h6 14. Bf3 Qxc4 15. Bxf6 Bxb5 16. Bxg7 Rg8 17. Bxe5 Qxf1+ 18. Qxf1 Bxf1 19. Kxf1 Nc5 20. Nxc5 Bxc5 21. Bxb7 Rd8 22. Rc1 Bb6 23. Bf6 {1-0 Hoang,C (2408)-Tran,M (2406) VIE-ch Ho Chi Minh City 2018 (9)}) 9. Nbxd4 O-O 10. Bf4 $146 ({RR} 10. O-O Rd8 11. Bf4 Qc5 12. Qc2 Bd7 13. Rac1 Rac8 14. c4 Be8 15. Rfd1 Nb4 16. Qb1 Nc6 17. Be3 Nxd4 18. Bxd4 {½-½ Vorotnikov,V (2415)-Chekhov,V (2525) Moscow7 op 1991}) ({RR} 10. O-O Rd8 11. Bf4 Bd6 12. Bxd6 Qxd6 13. Qc2 e5 14. Nf5 Qc7 15. Rad1 Rxd1 16. Rxd1 Be6 17. Bxa6 bxa6 18. Ng5 Bd5 19. Ne3 Bc6 20. Ng4 Qe7 21. Nxf6+ Qxf6 22. Qxh7+ Kf8 23. h4 a5 24. Qd3 Kg8 {1-0 Nadyrhanov,S (2490)-Poluljahov,A (2460) Novorossiysk 1995}) ({RR} 10. O-O Nc5 11. Bf4 a6 12. Ne5 Qd8 13. Bf3 Nd5 14. Bg3 f6 15. Nec6 Qd7 16. Nxe7+ Nxe7 17. b4 Na4 18. Qb3 Kh8 19. Rad1 Nb6 20. Nf5 Ned5 21. c4 exf5 22. cxd5 g5 23. h3 f4 24. Bh2 Qd6 {½-½ Duszczak,D (1968)-Niedbala,W (1792) Poznan op 21st 2013 (9)}) 10... Bd6 11. Bxd6 Qxd6 12. O-O Nc7 13. a4 Bd7 14. Nb5 Nxb5 15. axb5 Qc5 16. Qd4 Qxd4 17. Nxd4 e5 18. Nb3 b6 19. Rfd1 Be6 20. Nd2 Rfd8 21. Nf3 Rxd1+ 22. Rxd1 Re8 23. Ra1 Re7 24. Nxe5 Bg4 25. Bxg4 Rxe5 26. Bf3 g5 27. Bc6 Re2 28. h3 Rxb2 29. Rxa7 Rc2 30. Rb7 Rxc3 31. Rxb6 g4 32. Ra6 Kg7 33. Ra4 gxh3 34. gxh3 Ng8 35. Rb4 Ne7 36. Bg2 Rc8 37. b6 Nf5 38. b7 Rb8 39. Rb6 h6 40. Ra6 1-0

[Event "Olympiad Women 2024"]
[Site "Budapest HUN"]
[Date "2024.09.15"]
[Round "5.20"]
[Board "4"]
[White "Lyon, Hannah Jane"]
[Black "Schloffer, Jasmin-Denise"]
[Result "0-1"]
[WhiteElo "1797"]
[BlackElo "2168"]
[PlyCount "66"]
[EventDate "2024.09.11"]
[WhiteTeam "Luxembourg"]
[BlackTeam "Austria"]
[WhiteTeamCountry "LUX"]
[BlackTeamCountry "AUT"]

1. d4 Nf6 2. c4 e6 3. g3 d5 4. Nf3 Bb4+ 5. Bd2 Bd6 6. Bg2 O-O 7. Qc2 c6 8. O-O Ne4 9. Rd1 Nd7 10. a3 $146 ({RR} 10. Be3 Qe7 11. Ne1 Nef6 12. b3 b6 13. Nd3 Bb7 14. Nc3 Rac8 15. a4 a5 16. Rac1 Rfd8 17. Bf4 Bxf4 18. Nxf4 Ba6 19. cxd5 cxd5 20. Qb2 Nb8 21. e3 Nc6 22. Nd3 Nb4 23. Nxb4 Qxb4 24. Na2 Qd6 {½-½ Anand,V (2765)-Parligras,M (2629) FIDE Chess.com Grand Swiss 2019 (4)}) ({RR} 10. Nc3 f5 11. e3 Qe7 12. Ne2 Nxd2 13. Rxd2 Nf6 14. Rdd1 Bd7 15. Nf4 Be8 16. a3 Ne4 17. Ne5 g5 18. Nfd3 h5 19. b4 Kh8 20. f3 Nf6 21. a4 Bxb4 22. Nxb4 Qxb4 23. Rab1 Qe7 24. a5 Rc8 {1-0 Topalov,V (2813)-Ponomariov,R (2727) Zuerich Champions rap rapid 2009 (6)}) ({RR} 10. Bf4 Bxf4 11. gxf4 Qf6 12. e3 Qg6 13. Nbd2 f5 14. Ne5 Nxe5 15. dxe5 Nxd2 16. Rxd2 Bd7 17. Qb3 b6 18. Kh1 Kh8 19. Qa3 Qf7 20. Rc1 Rfd8 21. c5 Qe7 22. Qb4 Rg8 23. Qd4 Rab8 24. b4 h6 {0-1 Sarabando,R (2061)-Harshavardhan,G (2425) 3rd Leca Chess Open 2024 (1.11)}) ({RR} 10. Nc3 f5 11. Rab1 b6 12. b4 b5 13. c5 Bc7 14. a4 a6 15. Bf4 Bxf4 16. gxf4 Kh8 17. Rb3 bxa4 18. Nxa4 Qc7 19. Ne5 Nef6 20. Nc3 Rb8 21. Ra1 Nxe5 22. fxe5 Nh5 23. Qd2 Qe7 24. Nd1 g5 {0-1 Balog,I (2531)-Naroditsky,D (2622) Titled Tuesday intern op 2nd June blitz 2015 (4)}) ({RR} 10. Bf4 Bxf4 11. gxf4 f5 12. Nbd2 Rf6 13. Nf1 Rh6 14. Ng3 Nf8 15. e3 Ng6 16. b4 Nh4 17. Ne5 Bd7 18. f3 Nd6 19. c5 Nf7 20. a4 Nxe5 21. dxe5 Kh8 22. Rab1 Qe7 23. Rd2 Rg8 24. Rf1 Be8 {0-1 Nadimifar,A (2241)-Ter Sahakyan,S (2593) Fajr op 27th 2019 (2)}) 10... a5 11. Nc3 f5 12. Rab1 Qe7 13. c5 Bc7 14. b4 e5 15. b5 exd4 16. Nxe4 fxe4 17. Nxd4 Qf6 18. Be1 Be5 19. e3 Bc7 20. Bc3 Ne5 21. Qa2 Kh8 22. Rf1 Qh6 23. Qd2 Bh3 24. f3 Nc4 25. Qe2 Bxg2 26. Kxg2 Nxe3+ 27. Kg1 Nxf1 28. Rxf1 exf3 29. Qe7 Rfe8 30. Qxc7 Qe3+ 31. Kh1 Qxc3 32. Nf5 Re1 33. Kg1 Rae8 0-1